000 00398nam a2200145Ia 4500
008 231129s1996||||xx |||||||||||||| ||spa||
020 _a9043-21-6
040 _bspa
082 _a860.3 G983a
100 _aGutierrez Girardot Rafael
245 0 _aAproximaciones
260 _c1996
264 _aProcultura ; Presidencia de la Republica
942 _2ddc
_cBKS
999 _c5495
_d5495